00000000nam 2200000zi 4500
0019.942248
003CaOODSP
00520250108102100
006m     o  d f      
007cr |n|||||||||
008240822t20242024onca    o    f00| 0 eng d
020 |a9780660732879
040 |aCaOODSP|beng|erda|cCaOODSP
043 |an-cn---
0861 |aHP40-369/2024E-PDF
24500|aHelp prevent the spread of avian influenza.
264 1|a[Ottawa] : |bPublic Health Agency of Canada = Agence de la santé publique du Canada, |c[2024]
264 4|c©2024
300 |a1 online resource (1 unnumbered page) : |bcolour illustrations
336 |atext|btxt|2rdacontent
337 |acomputer|bc|2rdamedia
338 |aonline resource|bcr|2rdacarrier
500 |aIssued also in French under title: Aidez à prévenir la propagation de la grippe aviaire.
500 |a"Pub.: 240501."
650 0|aAvian influenza|zCanada|xPrevention.
7102 |aPublic Health Agency of Canada, |eissuing body.
77508|tAidez à prévenir la propagation de la grippe aviaire.|w(CaOODSP)9.942249
7760#|tHelp prevent the spread of avian influenza. |w(CaOODSP)9.942250
85640|qPDF|s540 KB|uhttps://publications.gc.ca/collections/collection_2025/aspc-phac/HP40-369-2024-eng.pdf
8564 |qHTML|sN/A|uhttps://www.canada.ca/en/public-health/services/publications/diseases-conditions/help-prevent-spread-avian-influenza.html